000 00438nam a2200157 i 4500
001 29703
003 ES-MaACL
005 20230906154056.0
007 t|
008 030122s1861 fr ||||1| fre d
100 1 _aBarres, Fernand des.
_925946
245 1 4 _aUna aventure au XIII siecle
_b: mecit du temps de Saint Louis /
_cFernand des Barres.
260 _aParĂ­s :
_bE. Dentu,
_c1861.
300 _a1 t.
852 _aES-MaACL
_jT-219-F-3
999 _c29703
_d29703